Quizzes
Events
Quiz Creation
Community
Videos
Private Events
Remove Ads
Sign In
Join for FREE
Feedback
Dark Mode
Quiz Categories
Sports
Geography
Music
Movies
Television
Just For Fun
Miscellaneous
History
Literature
Language
Science
Gaming
Entertainment
Religion
Holiday
For Kids
Quiz Lab
Recent
Popular Today
Quiz Kudos Today
Editor Picks
Curator Picks
Quizzes by...
Day
Popularity
Type
Ratings
Length
Year
Community
Subscriptions
Recent Discussions
Orange Saloon
Badges
Playlists
Quests
Create
Leaderboards
Showdown
Live 5
Trivia Bingo
Activity
Puzzle Library
Sporcle Events
Private Events
Virtual Trivia
Globe League
Become a Host
Pub Owners
SporcleCon
Opinionation
Our Games
Videos
Blog
Mobile Apps
Partnerships
Remove Ads and Go Orange
Feedback
Music
Pop Music
The Beatles
Song
Album
Lyrics
Bands
Singers
Artist
Clip
Rock
Rap
Classical
Billboard
Country Music
Kpop
Taylor Swift
Music
Pop Music
The Beatles
Song
Album
Lyrics
Bands
Singers
Artist
Clip
Rock
Rap
Classical
Billboard
Country Music
Kpop
Taylor Swift
Random Quiz
Search Sporcle
×
Quiz Lab
Quiz Lab
Music
Album
Type in answers that appear in a list
Type in answers that appear in a list
Classic
Best Score? Go Orange.
Chance the Rapper's Discography Stats
Can you name Chance the Rapper's Discography?
By
themanhannon
20m
81 Questions
479 Plays
479 Plays
479 Plays
Comments
Comments
Give Quiz Kudos
Give Quiz Kudos
-
- Ratings
hide this ad
Replay
Link that replays current quiz
Next Quiz
Link to next quiz in quiz playlist
You Got
0%
They Got
Avg Score
42%
Avg Friend Score
Upgrade to see
Score Distribution
Jump to the score distribution portion of the page
Score
0/81
Timer
20:00
0
Plays Today
Album
Song
% Correct
Coloring Book
No Problem (feat. Lil Wayne & 2 Chainz)
84.9%
Acid Rap
Good Ass Intro (feat. BJ The Chicago Kid & Lili K)
84.3%
Acid Rap
Cocoa Butter Kisses (feat. Vic Mensa & Twista)
83.4%
Coloring Book
Blessings (feat. Jamila Woods)
79%
Coloring Book
Blessings (feat. Ty Dolla $ign, Anderson .Paak, BJ The Chicago Kid, Raury & Jamila Woods)
79%
Acid Rap
Juice
78.2%
Acid Rap
Favorite Song (feat. Childish Gambino)
76.9%
10 Day
Juke Juke
76.1%
Acid Rap
Acid Rain
75.7%
Coloring Book
Juke Jam (feat. Justin Bieber & Towkio)
72.5%
Coloring Book
All We Got (feat. Kanye West & BJ The Chicago Kid)
71.7%
The Big Day
Hot Shower (feat. MadeinTYO & DaBaby)
69.9%
Coloring Book
Same Drugs
69.4%
10 Day
Prom Night
68.8%
Acid Rap
Pusha Man (feat. Nate Fox)
67.5%
Coloring Book
Angels (feat. Saba)
65.8%
Coloring Book
Smoke Break (feat. Future)
65%
Acid Rap
Paranoia (feat. Nosaj Thing)
64.4%
Coloring Book
Summer Friends (feat. Jeremih & Francis and the Lights)
63.1%
Acid Rap
Interlude (That's Love)
61.4%
Coloring Book
Mixtape (feat. Young Thug & Lil Yachty)
61.2%
Acid Rap
NaNa (feat. Action Bronson)
59.7%
The Big Day
The Big Day (feat. Francis and the Lights)
59.5%
10 Day
14,400 Minutes
59.1%
Acid Rap
Smoke Again (feat. Ab-Soul)
58.9%
Coloring Book
All Night (feat. Knox Fortune)
58.9%
Coloring Book
Finish Line/Drown (feat. T-Pain, Kirk Franklin Eryn Allen Kane & Noname)
58.1%
Album
Song
% Correct
Acid Rap
Lost (feat. Noname)
57.9%
Acid Rap
Chain Smoker
57.4%
10 Day
Brain Cells
55.8%
Acid Rap
Everybody's Something (feat. Saba & BJ The Chicago Kid)
53.9%
10 Day
Hey Ma (feat. Lili K & Peter CottonTale)
52.6%
Coloring Book
How Great (feat. Jay Electronica & My cousin Nicole)
52.2%
10 Day
Nostalgia
51.2%
Acid Rap
Everything's Good (Good Ass Outro)
50.7%
10 Day
Windows (feat. Alex Wiley & Akenya)
50.3%
Coloring Book
D.R.A.M. Sings Special
49.5%
10 Day
Family (feat. Vic Mensa & Sulaiman)
48.6%
10 Day
Long Time
47.2%
10 Day
Long Time II (feat. Nico Segal)
47.2%
10 Day
22 Offs
44.9%
The Big Day
Do You Remember (feat. Death Cab for Cutie)
42.7%
The Big Day
All Day Long (feat. John Legend)
42.3%
The Big Day
Roo (feat. Taylor Bennett & CocoRosie)
41.8%
10 Day
**** You Tahm Bout
39.2%
The Big Day
Eternal (feat. Smino)
39%
The Big Day
Handsome (feat. Megan Thee Stallion)
38.8%
The Big Day
Slide Around (feat. Lil Durk & Nicki Minaj)
38.6%
The Big Day
Zanies and Fools (feat. Darius Scott & Nicki Minaj)
37.9%
The Big Day
We Go High
37.3%
10 Day
Missing You
33.5%
The Big Day
Sun Come Down
33.3%
The Big Day
Ballin Flossin (feat. Shawn Mendes)
32.9%
The Big Day
5 Year Plan (feat. Randy Newman)
32.9%
Album
Song
% Correct
The Big Day
4 Quarters In The Black (Skit)
32.2%
The Big Day
Big Fish (feat. Gucci Mane)
31.6%
The Big Day
Photo Ops (Skit)
31.4%
The Big Day
Town On The Hill
31.4%
10 Day
U Got Me **** Up
30.6%
The Big Day
Let's Go On The Run (feat. Knox Fortune)
29%
The Big Day
Our House (Skit)
28.3%
The Big Day
Get A Bag (feat. Calboy)
27.5%
The Big Day
I Got You (Always and Forever)(feat. En Vogue, Ari Lennox & Kierra Sheard)
24.4%
The Big Day
Found A Good One (Single No More)(feat. SWV)
24.4%
Merry Christmas Lil Mama: The Gift That Keeps On Giving
The Return
17%
Merry Christmas Lil Mama: The Gift That Keeps On Giving
Ms. Parker
15.9%
Merry Christmas Lil Mama: The Gift That Keeps On Giving
Stranger at the Table
14.8%
Merry Christmas Lil Mama: The Gift That Keeps On Giving
Stranger at the Table - Piano Version
14.8%
Merry Christmas Lil Mama: The Gift That Keeps On Giving
Family For
13.6%
Merry Christmas Lil Mama: The Gift That Keeps On Giving
All The Way (feat. Hannibal Buress)
11.4%
Merry Christmas Lil Mama: The Gift That Keeps On Giving
Joy
11.4%
Merry Christmas Lil Mama: The Gift That Keeps On Giving
Chi-Town Christmas
11.4%
Merry Christmas Lil Mama: The Gift That Keeps On Giving
Snowed In
10.8%
Merry Christmas Lil Mama: The Gift That Keeps On Giving
Are U Live (feat. Valee)
9.1%
Merry Christmas Lil Mama: The Gift That Keeps On Giving
Big Kid Again
9.1%
Merry Christmas Lil Mama: The Gift That Keeps On Giving
Held it Down
8.5%
Merry Christmas Lil Mama: The Gift That Keeps On Giving
Let it Snow
8.5%
Merry Christmas Lil Mama: The Gift That Keeps On Giving
Who's To Say
6.8%
Merry Christmas Lil Mama: The Gift That Keeps On Giving
I'm Your Santa
6.8%
Merry Christmas Lil Mama: The Gift That Keeps On Giving
One More Cry
6.3%
Merry Christmas Lil Mama: The Gift That Keeps On Giving
Let Me Bang
6.3%
Quiz Playlist
Details
Report
Send in Message
Add To Playlist
Classic:
Type in answers that appear in a list
Last Updated: Apr 29, 2021
Quiz Scoreboard
CHALLENGE
Sign Up to Join the Scoreboard
Show All
Scores
Hide
Comments
May contain spoilers
Recently Published
Billboard Blitz: Fleetwood Mac
by CooCooCachoo
Music
15s
Presidents Visiting Landmarks
by Hejman
History
7m
An Introduction to Baseball
by treessimontrees
Sports
5m
More to Explore
Quiz From the Vault
Featured Blog Post
Where Did the Easter Bunny Come From?
hide this ad
You Might Also Like...
Tags
Album Quiz
Song Quiz
chance
Discography
Rapper
track
Today's Top Quizzes in Music
Browse Music
hide this ad
Today's Top Quizzes in Album
Browse Album
Top Contributed Quizzes in Music
1
Taylor Swift All Songs (2024)
2
Guess the Artist- 70s Songs
3
7-to-1: Billboard Hot 100 #1 Hits of 2010s
4
Sorting Albums and Songs
5
Taylor Swift Logic Puzzle
6
KPOP LOGIC QUIZ
7
2010s Album by Cover III
8
One Thing in Common: Music
9
Guess the Taylor Swift song (Mystery Song)
10
Guess The Taylor Swift Lyrics Song #1
Explore More
Trending Topics
Crossword
Kpop
Disney
Marvel
NBA
Anime
Harry Potter
NFL
Pokémon
Puzzle
WWE
Country
The Office
Song
Soccer
hide this ad
More By:
themanhannon
Quiz
Plays
Rating
Category
Featured
Created
Travis Scott's Discography
5,543
4.33
Music
Apr 2, 2019
Drake's Discography
3,799
5.00
Music
Apr 2, 2019
Mac Miller's Discography
2,523
5.00
Music
Jan 13, 2020
Part 2:Every Challenger on MTV's The Challenge (S14-23)
2,258
5.00
Television
Jul 28, 2020
Ariana Grande's Discography
2,104
4.50
Music
Jun 14, 2019
Go to Creator's Profile
Score Distribution
Quiz Creator Spotlight
themanhannon
Follow
Send a Message
Quizzes Created
-
Created Quiz Play Count
-
More By This Creator
Popular Quizzes Today
1
Find the US States - No Outlines Minefield
2
Find the Countries of Europe - No Outlines Minefield
3
The Countries of the World
4
Find the US States
5
US States
6
Risky Map Clicking: Biggest States A-Z
7
Popular People in 1961
8
Movies - When Are They Set?
More Music Quizzes
The Who Albums
Published
Trending Quizzes
Risky Map Clicking: Least Populous States A-Z
1-10 Letter G Words
1-10 Letter F Words
Risky Map Clicking: Next State Alphabetically
Risky Map Clicking: Biggest States A-Z
Recently Updated
Leaping Animals
pecheneg
Reality TV Shows (A-Z)
bhenderson79
Rickey Henderson's Hall of Fame Teammates
pecheneg
Champions League XIs: Arsenal
pecheneg
Quick Pick: Celebrities in WWE's Hall of Fame
aduchscher
A-Z Keypad Blitz II
pecheneg
Multiple Oscar Actors
pecheneg
Mystery Phrase Blitz: Oscar 'Best Actors'
pecheneg
F. Scott Fitzgerald Novels
LTH
Pick 3 Villains
ddd62291
Trending Topics
Disney
Marvel
NBA
Crossword
Anime
Kpop
Harry Potter
Song
WWE
The Office
Pokémon
Country
Puzzle
NFL
Soccer
Your Account Isn't Verified!
In order to create a playlist on Sporcle, you need to verify the email address you used during registration. Go to your
Sporcle Settings
to finish the process.
Report this User
Report this user for behavior that violates our
Community Guidelines
.
Details:
Send Report
Go to the Sporcle.com Mobile Site →
Comments